Direito do trabalho no STF Nʻ 22

Bibliographic Details
Main Author: de Sousa Franco Filho, Georgenor
Format: eBook
Language:Portuguese
Published: San Pablo: LTR, 2019
Subjects:
Online Access:Acceso restringido

MARC

LEADER 00000nam a22000007a 4500
005 2022040709579.0
007 cr|||| ||||
008 220407s2019 br |||||s|||| 00||0 por d
020 |a 978-85-301-0084-1 
035 |a 36041 
040 |a vLex 
090 |c 13135  |d 13135 
100 1 |a de Sousa Franco Filho, Georgenor 
245 1 0 |a Direito do trabalho no STF Nʻ 22  |h [Recurso electrn̤ico] /  |c Georgenor de Sousa Franco Filho 
256 |a Servicio en ln̕ea 
260 |a San Pablo:  |b LTR,  |c 2019 
300 |a 1 recurso electrn̤ico 
500 |a Sô 22 anos seguidos que a LTr Editora Ltda. tem proporcionado ao mundo jurd̕ico brasileiro o acesso rp̀ido e objetivo s̉ mais importantes decise̳s tomadas no ano imediatamente anterior, identificando o passo-passo do Supremo Tribunal Federal sobre temas relevantes para os interesses da sociedade. Isto tem ocorrido por meio desta obra, DIREITO DO TRABALHO NO STF, agora em seu volume 22, que o professor e magistrado Georgenor de Sousa Franco Filho vem coligindo desde 1998, e, ̉cuidadosa seleȯ̂ que efetua, agrega comentr̀ios claros elucidando as decise̳s transcritas. Quando o saudoso Armando Casimiro Costa convidou o prof. Georgenor de Sousa Franco Filho para criar essa coletńea anual, objetivava, com sua visô de “mecenas” do Direito do Trabalho, permitir a chegada a todos do entendimento mais expressivo do Excelso Pretr̤io em matřia de direito individual, coletivo e processual do trabalho, bem como de previdn̊cia social e serviȯ pb︢lico. Este volume 22, assim como os demais, encontra-se disponibilizado aos interessados em duas verse̳s: impressa e digital, tratando-se de uma das mais tradicionais publicaė̳s da LTr Editora, que vem, igualmente, acompanhada de diversos n̕dices que facilitam a localizaȯ̂ dos temas tratados. Neste volume, sô relevantes as decise̳s sobre terceirizaȯ̂, acumulaȯ̂ de cargo pb︢lico, aposentadoria, trabalho do menor, jornada de trabalho e contribuiȯ̂ sindical. 
506 1 |a Disponible solo en los productos indicados  |d vLex Global  |d vLex Global (Academic Edition, excluding Law Schools)  |d vLex Global (U.S. Academic Edition, Law Schools)  |d vLex Global (U.S. Academic Edition, excluding Law Schools)  |d vLex Global (Academic Edition, Law Schools) 
650 0 4 |a Derecho Laboral y Seguridad Social  |z Brasil 
740 0 |a vLex Libros (Servicio en ln̕ea) 
856 4 0 |u https://app.vlex.com/#/sources/36041  |z Acceso restringido 
942 |c BOOK 
999 0 |a Labor law and social security